00460 a2200169 450000100060000002000180000604000220002410000170004624000280006324500230009130000070011436200090012165000230013094200070015395201130016099900170027356876 a9788526271821 cAnchieta - Pituba aGuasco, Luiz10aA lenda de Narcisolpor10aA lenda de Narciso a400 a2008 4aLiteratura juvenil cBK 00104070a91.1b91.1d2023-11-21l0oLJ 028.5 G917l GUA LENp6581/PITr2023-11-21 18:24:26w2023-11-21yBK c56876d56876